Name all the Boston Legal Episodes Quiz Stats

 Plays Quiz not verified by Sporcle

Support Sporcle.
Go Orange.
Score 0/101 Timer 10:00
0 Plays Today
Season Episode % Correct
Season 5Last Call
90%
Season 1Schmidt Happens
80%
Season 2The Black Widow
80%
Season 2Schadenfreude
80%
Season 3Trial of the Century
80%
Season 4Patriot Acts
80%
Season 5Smoke Signals
80%
Season 5Thanksgiving
80%
Season 1Head Cases
70%
Season 1Truth Be Told
70%
Season 2Truly, Madly, Deeply
70%
Season 2The Ass Fat Jungle
70%
Season 2The Cancer Man Can
70%
Season 2Chitty Chitty Bang Bang
70%
Season 2Word Salad Days
70%
Season 2Deep End of The Poole
70%
Season 3Desperately Seeking Shirley
70%
Season 3Whose God Is It Anyway?
70%
Season 3The Verdict
70%
Season 3Angel of Death
70%
Season 3Dumping Bella
70%
Season 4Roe vs Wade, The Musical
70%
Season 5Mad Cows
70%
Season 5Roe
70%
Season 5Made In China
70%
Season 1Still Crazy After All These Years
60%
Season 1An Eye for an Eye
60%
Season 2Witches of Mass Destruction
60%
Season 2Breast in Show
60%
Season 2Smile
60%
Season 3Can't We All Get a Lung?
60%
Season 3New Kids on the Block
60%
Season 3Trick or Treat
60%
Season 3Fat Burner
60%
Season Episode % Correct
Season 3The Good Lawyer
60%
Season 3Guise 'n Dolls
60%
Season 4Beauty and the Beast
60%
Season 4Do Tell
60%
Season 4Hope and Gory
60%
Season 4The Gods Must Be Crazy
60%
Season 5Dances With Wolves
60%
Season 5True Love
60%
Season 1Catch and Release
50%
Season 1Change of Course
50%
Season 1A Greater Good
50%
Season 1'Til We Meat Again
50%
Season 1Let Sales Ring
50%
Season 1Death Be Not Proud
50%
Season 2Finding Nimmo
50%
Season 2A Whiff and a Prayer
50%
Season 2Men to Boys
50%
Season 2Gone
50%
Season 2...There's Fire!
50%
Season 2BL-Los Angeles
50%
Season 3Selling Sickness
50%
Season 3The Bride Wore Blood
50%
Season 3Duck and Cover
50%
Season 4The Innocent Man
50%
Season 4The Chicken and the Leg
50%
Season 4Green Christmas
50%
Season 4Mad About You
50%
Season 4The Court Supreme
50%
Season 5Guardians and Gatekeepers
50%
Season 5The Bad Seed
50%
Season 5Happy Trails
50%
Season 5Kill, Baby, Kill
50%
Season 1From Whence We Came
40%
Season 1It Girls and Beyond
40%
Season Episode % Correct
Season 2Legal Deficits
40%
Season 2Too Much Information
40%
Season 3Brotherly Love
40%
Season 3Tea and Sympathy
40%
Season 3Guantanamo by the Bay
40%
Season 4The Mighty Rogues
40%
Season 4Indecent Proposals
40%
Season 5Juiced
40%
Season 1Questionable Characters
30%
Season 1Loose Lips
30%
Season 1Hired Guns
30%
Season 1Tortured Souls
30%
Season 2Helping Hands
30%
Season 2Shock and Oww!
30%
Season 2Ivan the Incorrigible
30%
Season 2Race Ipsa
30%
Season 3The Nutcrackers
30%
Season 3Nuts
30%
Season 3Son of the Defender
30%
Season 4Rescue Me
30%
Season 4Tabloid Nation
30%
Season 2Live Big
20%
Season 2Stick It
20%
Season 2Squid Pro Quo
20%
Season 2Spring Fever
20%
Season 3Fine Young Cannibal
20%
Season 3Lincoln
20%
Season 3On the Ledge
20%
Season 4The Object of My Affection
20%
Season 4Attack of the Xenophobes
20%
Season 4Oral Contracts
20%
Season 4No Brains Left Behind
20%
Season 4Glow In The Dark
10%

You're not logged in!

Compare scores with friends on all Sporcle quizzes.
OR
Log In

From the Vault

Geography Bunker IV

by griswald

You're about to enter the danger zone.
Remove Ads.
Support Sporcle.
Get the best of Sporcle when you Go Orange. This ad-free experience offers more features, more stats, and more fun while also helping to support Sporcle. Thank you for becoming a member.

Show Comments

Extras

Top Quizzes Today


Score Distribution

Your Account Isn't Verified!

In order to create a playlist on Sporcle, you need to verify the email address you used during registration. Go to your Sporcle Settings to finish the process.

Report this User

Report this user for behavior that violates our Community Guidelines.

Details: